MARC

LEADER 00000nam0a2200000 4500
001 179743
005 20231031170538.0
035 |a (RuTPU)RU\TPU\book\194844 
090 |a 179743 
100 |a 20100427d1971 k y0rusy50 ca 
101 0 |a rus 
102 |a RU 
105 |a a z 001zy 
200 1 |a Керамические твердые схемы  |f П. О. Грибовский  
210 |a Москва  |c Энергия  |d 1971 
215 |a 448 с.  |c ил. 
320 |a Библиогр.: с. 437-447. 
610 1 |a керамические материалы 
610 1 |a микроэлектронные схемы 
610 1 |a материалы 
610 1 |a керамические твердые схемы 
610 1 |a конструирование 
610 1 |a керамические диэлектрики 
610 1 |a керамические полупроводники 
610 1 |a керамические сегнетоэлектрики 
610 1 |a керамические пьезоэлектрики 
610 1 |a горячее литье 
610 1 |a литейные системы 
610 1 |a поликерамика 
675 |a 621.385  |v 3 
675 |a 666.3  |v 3 
700 1 |a Грибовский  |b П. О.  |g Петр Оскарович 
801 1 |a RU  |b 63413507  |c 20100427 
801 2 |a RU  |b 63413507  |c 20170410  |g RCR 
942 |c BK